Phá lồng : Tập ký

Zapisane w:
Opis bibliograficzny
1. autor: Nguyễn, Trần Bé
Format: Książka
Język:Undetermined
Wydane: Hà Nội Hội Nhà văn 2020
Hasła przedmiotowe:
Etykiety: Dodaj etykietę
Nie ma etykietki, Dołącz pierwszą etykiete!
Thư viện lưu trữ: Trung tâm Học liệu Trường Đại học Cần Thơ
LEADER 00538nam a2200193Ia 4500
001 CTU_237385
008 210402s9999 xx 000 0 und d
082 |a 895.9228403 
082 |b B200 
100 |a Nguyễn, Trần Bé 
245 0 |a Phá lồng : 
245 0 |b Tập ký 
245 0 |c Nguyễn Trần Bé 
260 |a Hà Nội 
260 |b Hội Nhà văn 
260 |c 2020 
650 |a Tự truyện,Autobiographies 
910 |b dqhieu 
980 |a Trung tâm Học liệu Trường Đại học Cần Thơ